By The River Piedra I Sat Down & Wept / (Record no. 330668)
[ view plain ]
| 000 -LEADER | |
|---|---|
| fixed length control field | 00480nam a22001937a 4500 |
| 001 - CONTROL NUMBER | |
| control field | 0 |
| 003 - CONTROL NUMBER IDENTIFIER | |
| control field | NUST |
| 005 - DATE AND TIME OF LATEST TRANSACTION | |
| control field | 20230131083525.0 |
| 008 - FIXED-LENGTH DATA ELEMENTS--GENERAL INFORMATION | |
| fixed length control field | 170728b xxu||||| |||| 00| 0 eng d |
| 020 ## - INTERNATIONAL STANDARD BOOK NUMBER | |
| International Standard Book Number | 9780007214716 |
| 040 ## - CATALOGING SOURCE | |
| Transcribing agency | 0 |
| 082 ## - DEWEY DECIMAL CLASSIFICATION NUMBER | |
| Classification number | 869.342, COE |
| 100 ## - MAIN ENTRY--PERSONAL NAME | |
| Personal name | Coelho, Paulo |
| 9 (RLIN) | 3636 |
| 245 ## - TITLE STATEMENT | |
| Title | By The River Piedra I Sat Down & Wept / |
| Statement of responsibility, etc. | Paulo Coelho |
| 260 ## - PUBLICATION, DISTRIBUTION, ETC. | |
| Place of publication, distribution, etc. | INDIA |
| Name of publisher, distributor, etc. | HARPER |
| Date of publication, distribution, etc. | 1999 |
| 300 ## - PHYSICAL DESCRIPTION | |
| Extent | 192P |
| 651 ## - SUBJECT ADDED ENTRY--GEOGRAPHIC NAME | |
| Geographic name | English Literature |
| 9 (RLIN) | 108138 |
| 942 ## - ADDED ENTRY ELEMENTS (KOHA) | |
| Koha item type | Fiction |
| Source of classification or shelving scheme | |
| Withdrawn status | Lost status | Source of classification or shelving scheme | Damaged status | Not for loan | Permanent Location | Current Location | Shelving location | Date acquired | Shelving control number | Total Checkouts | Full call number | Barcode | Date last seen | Date last checked out | Price effective from | Koha item type | Public note |
|---|---|---|---|---|---|---|---|---|---|---|---|---|---|---|---|---|---|
| Military College of Signals (MCS) | Military College of Signals (MCS) | Fiction | 07/28/2017 | English Literature | 5 | 869.342,COE | MCS37805 | 05/16/2025 | 05/02/2025 | 07/28/2017 | Fiction | Almirah No.58, Shelf No.2 |
